The Hanuman Chalisa (Record no. 43138)

MARC details
000 -LEADER
fixed length control field 00295nam a2200121Ia 4500
008 - FIXED-LENGTH DATA ELEMENTS--GENERAL INFORMATION
fixed length control field 241028s9999 xx 000 0 und d
041 ## - LANGUAGE CODE
Language code of text/sound track or separate title eng
082 ## - DEWEY DECIMAL CLASSIFICATION NUMBER
Classification number 828 SET
100 ## - MAIN ENTRY--PERSONAL NAME
Personal name Seth Vikram
245 ## - TITLE STATEMENT
Title The Hanuman Chalisa
260 ## - PUBLICATION, DISTRIBUTION, ETC.
Name of publisher, distributor, etc. Speaking Tiger
Place of publication, distribution, etc. New Dehli
Date of publication, distribution, etc. 2024
300 ## - PHYSICAL DESCRIPTION
Extent 100;. P. 23 Cm
Holdings
Withdrawn status Lost status Damaged status Not for loan Home library Current library Shelving location Date acquired Total Checkouts Full call number Barcode Date due Date last seen Date last checked out Cost, replacement price Price effective from Koha item type
        IMTN IMTN Rack 43-A 09/11/2024 3 828 SET 33567 01/22/2026 01/12/2026 01/12/2026 295.00 10/28/2024 Books
Designed & Maintained by: LRC IMT Nagpur Contact: lrc@imtnag.ac.in© 2024. All Rights Reserved.